000 00721nam a2200205 i 4500
001 54642
003 ES-MaACL
005 20230906163006.0
007 t|
008 960725s1896 sp ||||1| spa d
080 _a336.14(460)
100 1 _aFuentes, Anselmo.
_952890
245 1 3 _aLa verdad demostrada :
_b(discusión de los presupuestos de 1895-96) /
_cpor D. Anselmo Fuentes.
260 _aMadrid :
_b[s.n.],
_c1896 (
_fImp. de los Hijos de M.G. Hernández)
300 _a154 p. ;
_c24 cm.
530 _aDisponible en formato digital.
650 4 _aPresupuestos-
_zEspaña.
_9152607
852 4 _aES-MaACL
_jT-806-F-1
856 4 _uhttp://bdh-rd.bne.es/viewer.vm?id=0000201516&page=1
_zBiblioteca Digital Hispánica
999 _c54642
_d54642